000 00328nam a22001337a 4500
008 180220b xxu||||| |||| 00| 0 eng d
020 _a0521225655
041 _aeng
080 _a331.101
100 _a52
101 _aBNJ
245 _aEssays in the Theory and Measurement of Consumer Behavior
_cDeaton, A
942 _2udc
_cBK
999 _c42904
_d42904